[Event "ZN-2014-0-02858"]
[Site "LSS email"]
[Date "2014.11.09"]
[Round "?"]
[White "Bossler, Andreas"]
[Black "Hendershot, Paul"]
[Result "1-0"]
[WhiteElo "1021"]
[BlackElo "575"]
[PlyCount "43"]
[EventDate "2014.11.05"]
[EventType "match (corr)"]
[EventRounds "2"]
[EventCountry "GER"]
[SourceTitle "Corr 2015"]
[Source "ChessBase"]
[SourceDate "2015.07.17"]
[SourceVersion "1"]
[SourceVersionDate "2015.07.17"]
[SourceQuality "1"]

1. e4 e5 2. f4 d6 3. Nf3 exf4 4. Bc4 Nf6 5. 0-0 Nc6 6. Ng5 Ne5 7. Bb3 Nxe4 8. Nxe4 d5 9. Qh5 g6 10. Qxe5+ Be6 11. Nf6+ Ke7 12. Nxd5+ Kd7 13. Qxh8 Bc5+ 14. d4 Qxh8 15. dxc5 Qd4+ 16. Kh1 Bxd5 17. Nc3 f3 18. Bxd5 f2 19. Bf3 Qxc5 20. Ne4 Qxc2 21. Rxf2 Qa4 22. Nc5+ 1-0

[Event "ZN-2014-0-02843"]
[Site "LSS email"]
[Date "2014.10.28"]
[Round "?"]
[White "Bossler, Andreas"]
[Black "Hendershot, Paul"]
[Result "1-0"]
[WhiteElo "1021"]
[BlackElo "575"]
[PlyCount "87"]
[EventDate "2014.10.19"]
[EventType "match (corr)"]
[EventRounds "2"]
[EventCountry "GER"]
[SourceTitle "Corr 2015"]
[Source "ChessBase"]
[SourceDate "2015.07.17"]
[SourceVersion "1"]
[SourceVersionDate "2015.07.17"]
[SourceQuality "1"]

1. e4 e5 2. Nf3 d6 3. d4 exd4 4. Nxd4 Nf6 5. Nc3 a6 6. Bf4 Ng4 7. Be2 Qh4 8. 0-0 Be7 9. Nd5 0-0 10. Nxe7+ Qxe7 11. Bxg4 Qxe4 12. Bxc8 Rxc8 13. Qd2 Nd7 14. Rfe1 Qg6 15. Re7 Nf6 16. Rae1 Nd5 17. R7e2 h6 18. Bg3 c5 19. Nf3 Nb4 20. a3 Nc6 21. Qxd6 Qxd6 22. Bxd6 Rd8 23. Bxc5 Kh7 24. h4 f6 25. h5 Na5 26. Re7 Rac8 27. Bd4 Nc6 28. Bb6 Rd5 29. Re8 Rxe8 30. Rxe8 Rxh5 31. Nd4 Ne5 32. Re7 Nc4 33. Rxb7 Ne5 34. Ne2 Nc4 35. Bd4 Nd6 36. Rb6 Ne4 37. Rxa6 Nd2 38. b4 Rf5 39. a4 Ne4 40. Ng3 Rf4 41. Nxe4 Rxe4 42. c3 f5 43. Ra7 Kg6 44. Rxg7+ 1-0

[Event "OP-2014-0-03532"]
[Site "LSS email"]
[Date "2014.10.21"]
[Round "?"]
[White "Henke, Simon"]
[Black "Bossler, Andreas"]
[Result "1-0"]
[WhiteElo "1507"]
[BlackElo "1021"]
[PlyCount "71"]
[EventDate "2014.10.16"]
[EventType "tourn (corr)"]
[EventRounds "4"]
[EventCountry "GER"]
[SourceTitle "Corr 2015"]
[Source "ChessBase"]
[SourceDate "2015.07.17"]
[SourceVersion "1"]
[SourceVersionDate "2015.07.17"]
[SourceQuality "1"]

1. c4 c5 2. g3 g6 3. Bg2 Bg7 4. Nc3 Nc6 5. e4 Nf6 6. Nge2 0-0 7. 0-0 d6 8. d3 a6 9. f4 Rb8 10. a4 Bd7 11. f5 Ne8 12. g4 Nd4 13. Nxd4 Bxd4+ 14. Kh1 Kh8 15. Qf3 Nc7 16. Be3 Bg7 17. a5 b5 18. axb6 Rxb6 19. Qe2 e6 20. Qf2 gxf5 21. gxf5 Ne8 22. Rg1 Rg8 23. fxe6 Bxe6 24. Bf3 Nf6 25. e5 Nd7 26. d4 Bxc4 27. Ne4 Nxe5 28. dxe5 Bxe5 29. Rxg8+ Qxg8 30. Qh4 f6 31. Rg1 Qf7 32. Bf4 Qe7 33. Nxd6 Bxd6 34. Bxd6 Rxd6 35. Qxc4 Qe2 36. Rg8# 1-0